01708cam a2200337 i 4500001001000000003000600010005001700016008004100033010001700074020001800091035002200109040006300131041000800194042000800202050002300210100003900233245008600272260006800358300004400426504005100470505021900521520028200740650003701022650004101059650004901100650008101149650002101230942000801251952009601259999001501355a42849352SIRSI20250110175910.0230914t20242024enka b 001 0 eng  a 2023029893 a9781009125024 a(OCoLC)1391095180 aDLCbengerdacDLCdYDXdOCLCOdOCLCFdYDXdOCLCOdUtOrBLW aeng apcc00aJC328.3b.D36 2024 aDanewid, Idad1988-eauthor92452110aResisting racial capitalismb: an antipolitical theory of refusalc/ Ida Danewid. aCambridge ;aNew York, NY :bCambridge University Press,c2024. ax, 266 pages :billustrations ;c24 cm. aIncludes bibliographical references and index.0 aIntroduction : antipolitical dreamworlds — A most bourgeois ambition — Ode to utopia — War on dirt — Maps of apartheid — Of plunder and property — It runs in the family — Conclusion : the new society. aWhat does freedom mean without, and despite, the state? Focusing on the relation between state violence and racial capitalism, this book excavates an antipolitical worldmaking project which seeks not just better ways of being governed, but an end to governance in its entirety. 0aGovernment, Resistance to924522 0aCapitalismxPolitical aspects924523 0aRace discriminationxEconomic aspects924524 0aPolitical violence0http://id.loc.gov/authorities/subjects/sh95005727924525 0aTerrorism914281 2lcc 00102ddc4070aTBSbTBSd2025-01-10l0oJC328.3 DANpB05968r2025-01-10t1w2025-01-10y1 c4458d4458